| 000 | 00349 a2200157 4500 | ||
|---|---|---|---|
| 001 | 44384 | ||
| 020 | _a8573981172 | ||
| 040 | _cAnchieta - Aquarius | ||
| 100 | _aTawin, Mark | ||
| 240 | 1 | 0 |
_aAs viagens de Tom Sawyer _lpor |
| 245 | 1 | 0 | _aAs viagens de Tom Sawyer |
| 300 | _a | ||
| 362 | 0 | _a0 | |
| 650 | 4 | _aLiteratura infanto-juvenil | |
| 942 | _cBK | ||
| 999 |
_c44384 _d44384 |
||